[Event "SUI-chT"]
[Site "Switzerland"]
[Date "2019.09.07"]
[Round "6.5"]
[White "Umbach, Andreas"]
[Black "Georgiadis, Ioannis"]
[Result "0-1"]
[WhiteElo "2292"]
[BlackElo "2467"]
[PlyCount "78"]
[EventDate "2019.03.10"]
[EventType "team-tourn"]
[EventRounds "9"]
[EventCountry "SUI"]
[SourceTitle "EXT 2020"]
[Source "ChessBase"]
[SourceDate "2019.10.17"]
[SourceVersion "1"]
[SourceVersionDate "2019.10.17"]
[SourceQuality "1"]
[WhiteTeam "Wollishofen"]
[BlackTeam "Riehen"]
[WhiteTeamCountry "SUI"]
[BlackTeamCountry "SUI"]

1. e4 e5 2. Nf3 Nc6 3. Nc3 Nf6 4. d4 exd4 5. Nxd4 Bb4 6. Nxc6 bxc6 7. Bd3 d5 8. exd5 cxd5 9. 0-0 0-0 10. h3 c6 11. Qf3 Bd6 12. Bf4 Bxf4 13. Qxf4 Be6 14. b3 Re8 15. Na4 Nh5 16. Qd4 Qd6 17. Rfe1 Nf4 18. Re3 Bd7 19. Rae1 Ne6 20. Qh4 h6 21. Bf5 c5 22. Rg3 Nd4 23. Rxe8+ Rxe8 24. Bxd7 Ne2+ 25. Kh2 Nxg3 26. fxg3 Qxd7 27. Nxc5 Qc6 28. b4 Re2 29. Qd8+ Re8 30. Qh4 Qg6 31. Qd4 Qf5 32. Qd2 Qg5 33. Qf2 h5 34. Nd3 g6 35. Qxa7 Re2 36. Qc7 h4 37. a4 Kg7 38. Qd6 Rxc2 39. b5 hxg3+ 0-1

[Event "GRE-chT 47th"]
[Site "Patras"]
[Date "2019.07.04"]
[Round "4.2"]
[White "Alexiadis, Hristos"]
[Black "Georgiadis, Ioannis"]
[Result "0-1"]
[WhiteElo "2344"]
[BlackElo "2476"]
[PlyCount "64"]
[EventDate "2019.07.02"]
[EventType "team-swiss"]
[EventRounds "7"]
[EventCountry "GRE"]
[SourceTitle "CBM 191 Extra"]
[Source "ChessBase"]
[SourceDate "2019.09.30"]
[SourceVersion "1"]
[SourceVersionDate "2019.09.30"]
[SourceQuality "1"]
[WhiteTeam "Heraklion Attica"]
[BlackTeam "Nikaia Fysiolatris"]
[WhiteTeamCountry "GRE"]
[BlackTeamCountry "GRE"]

1. d4 Nf6 2. Nf3 e6 3. Bg5 h6 4. Bh4 d6 5. Nbd2 g5 6. Bg3 Nh5 7. e4 Bg7 8. c3 Qe7 9. Be2 Nd7 10. 0-0 b6 11. a4 a6 12. Nc4 Bb7 13. Bd3 Nxg3 14. hxg3 g4 15. Nh4 h5 16. d5 Nf8 17. e5 Bxe5 18. dxe6 Nxe6 19. Re1 0-0-0 20. Qe2 Bf6 21. Nf5 Qe8 22. Qf1 Kb8 23. Na3 a5 24. Bb5 Qg8 25. Ba6 Ba8 26. Nh4 Bxh4 27. gxh4 g3 28. f3 Qg7 29. Qc4 d5 30. Qe2 Qf6 31. Kf1 Qxh4 32. Qe3 Nf4 0-1

[Event "SUI-chT"]
[Site "Switzerland"]
[Date "2019.05.04"]
[Round "3.4"]
[White "Georgiadis, Ioannis"]
[Black "N'Guyen, Emilien"]
[Result "1-0"]
[WhiteElo "2467"]
[BlackElo "2269"]
[PlyCount "51"]
[EventDate "2019.03.10"]
[EventType "team-tourn"]
[EventRounds "9"]
[EventCountry "SUI"]
[SourceTitle "CBM 190 Extra"]
[Source "ChessBase"]
[SourceDate "2019.07.15"]
[SourceVersion "1"]
[SourceVersionDate "2019.07.15"]
[SourceQuality "1"]
[WhiteTeam "Riehen"]
[BlackTeam "Nyon"]
[WhiteTeamCountry "SUI"]
[BlackTeamCountry "SUI"]

1. e4 c6 2. d4 d5 3. e5 Bf5 4. c3 e6 5. Be3 Nd7 6. Nd2 Ne7 7. f4 Qb6 8. Qb3 Qxb3 9. axb3 a6 10. Ngf3 Ng6 11. b4 0-0-0 12. Ng5 Re8 13. Nxf7 Rg8 14. Rg1 Nh8 15. Ng5 h6 16. Ngf3 Be7 17. g4 Bh7 18. h4 Rgf8 19. h5 Kc7 20. g5 g6 21. Bd3 Rf7 22. Ke2 Rg8 23. gxh6 gxh5 24. Bxh7 Rxg1 25. Rxg1 Rxh7 26. Rg7 1-0